000 00228nam a22000977a 4500
999 _c522852
_d522852
082 _aTNC T112x54 M46
100 _aMohan, N. Chandra
_938614
245 _aUnemployment in an Era
260 _aNew Delhi
_bISID
_c2014
300 _a22p.